000 00914nam a2200265Ia 4500
003 OSt
005 20220923211641.0
006 a|||||r|||| 00| 0
007 ta
008 220922b |||||||| |||| 00| 0 hin d
024 _a39,404
037 _cTextual
040 _aARTS
_cARTS
_bhin
041 _2hin
_ahin
082 _aO15:gN, 152N2
100 _aकृष्ण लाल, संपा.
245 0 _aआधुनिक भारत में संस्कृत की उपादेयता
246 _aĀdhunik bhārat mean sanskṛut kī upādeyatā
260 _aदिल्ली
_b नाम प्रकाशक
_c1992
300 _a217पृ.
_ccm.
490 _aSanskrit bhavan granthavali( 1
650 _aसंस्कृत साहित्य
942 _hO15:gN, 152N2
_cTEXL
_2CC
999 _c302116
_d302116